| 000 | 00917nam a22002177a 4500 | ||
|---|---|---|---|
| 001 | EIF-V-2003-M3-020 | ||
| 003 | OSt | ||
| 005 | 20221114135951.0 | ||
| 008 | 221114b |||||||| |||| 00| 0 eng d | ||
| 040 |
_aFundación Jesús Pereda _cFundación Jesús Pereda |
||
| 041 | _aCastellano | ||
| 100 |
_uUniversidad Complutense de Madrid _aBox Varela, Zira _985 |
||
| 111 |
_aEncuentro de Investigadores del Franquismo _c(Albacete. _d2003. _n5º) _997 |
||
| 245 |
_aLa nacionalización de las masas: _buna aproximación a los mitos del nacional-catolicismo a través de los libros de texto, _f1939-1951 _c/Zira Box Varela |
||
| 650 | 0 |
_9132 _aIglesia católica |
|
| 650 | 0 |
_9334 _aNacionalismo |
|
| 650 | 0 |
_9188 _aEducación |
|
| 773 | _tActas del V Encuentro de Investigadores del Franquismo | ||
| 856 | _uhttps://bibliotecaccoocyl.fundacionjesuspereda.es/cgi-bin/koha/opac-retrieve-file.pl?id=146bbe1c999150d01409bb0e2f1ae7f2 | ||
| 942 |
_2ddc _cCF _n0 |
||
| 999 |
_c295 _d295 |
||